| 000 | 01153nam a22002537a 4500 | ||
|---|---|---|---|
| 005 | 20120112143825.0 | ||
| 008 | 120112t xxu||||| |||| 00| 0 mar d | ||
| 010 | _aMAR-21938 | ||
| 020 |
_c100.00 _a9789380700564 |
||
| 035 | _aMR-14596 | ||
| 037 | _bDBAD/PUB | ||
| 040 |
_aDPL _bMR |
||
| 082 | _a891.462 | ||
| 100 |
_939079 _aदेशपांडे,सुषमा |
||
| 245 |
_aबया दार उघड / _cसुषमा देशपांडे |
||
| 246 |
_aBaya Dar Ughad _bby Sushama Deshpande |
||
| 260 |
_aमुंबई _bलोकवाड्.मय गृह _c2012 |
||
| 270 |
_aभूपेश गुप्ता भवन,85,सयानी रोड प्रभादेवी, _bमुंबई _e400025 |
||
| 300 |
_a49पृ. _c21सेमी(अजिल्द) _bसचित्र |
||
| 650 |
_aमराठी नाटक _940585 |
||
| 650 |
_aMarathi Play _940586 |
||
| 942 |
_2ddc _cMR _mदेशपां _h891.462 |
||
| 999 |
_c61802 _d61802 |
||